[Event "41st Nezhmetdinov Memorial 2019"]
[Site "Kazan"]
[Date "2019.06.01"]
[Round "2.7"]
[White "Semenova, Elena"]
[Black "Tsydypov, Zhamsaran"]
[Result "0-1"]
[WhiteElo "2255"]
[BlackElo "2546"]
[Annotator "ChessBase"]
[PlyCount "54"]
[EventDate "2019.05.31"]
[EventType "swiss"]
[EventCountry "RUS"]
[SourceTitle "playchess.com"]
[Source "ChessBase"]
[SourceQuality "1"]
[TimeControl "5400+30"]

1. e4 {[%emt 0:00:00]} Nc6 {[%emt 0:03:48]} 2. d4 {[%emt 0:00:52]} d5 {[%emt 0:02:22]} 3. e5 {[%emt 0:00:17]} Bf5 {[%emt 0:00:14]} 4. c3 {[%emt 0:00:37]} e6 {[%emt 0:00:26]} 5. Bd3 {[%emt 0:02:36]} Nge7 {[%emt 0:00:55]} 6. Ne2 {[%emt 0:02:40]} f6 {[%emt 0:00:37]} 7. exf6 {[%emt 0:05:42]} gxf6 {[%emt 0:00:11]} 8. Nf4 {[%emt 0:03:41]} Bxd3 {[%emt 0:01:08]} 9. Qxd3 {[%emt 0:00:16]} e5 {[%emt 0:02:55]} 10. Ne6 {[%emt 0:06:40]} Qd7 {[%emt 0:00:53]} 11. Qh3 {[%emt 0:03:58]} Nd8 {[%emt 0:07:36]} 12. Qh5+ {[%emt 0:00:19]} Nf7 {[%emt 0:00:06]} 13. Qh3 {[%emt 0:11:49]} Ng6 {[%emt 0:07:03]} 14. f4 {[%emt 0:01:38]} Nd8 {[%emt 0:00:31]} 15. f5 {[%emt 0:01:13]} Nxe6 {[%emt 0:00:15]} 16. fxe6 {[%emt 0:00:04]} Qb5 {[%emt 0:00:33]} 17. a4 {[%emt 0:06:40]} Qa6 {[%emt 0:00:14]} 18. b4 {[%emt 0:04:32]} exd4 {[%emt 0:01:19]} 19. b5 {[%emt 0:00:40]} Qb6 {[%emt 0:00:06]} 20. O-O {[%emt 0:01:47]} dxc3+ {[%emt 0:03:07]} 21. Kh1 {[%emt 0:00:33]} d4 {[%emt 0:00:19]} 22. Rxf6 {[%emt 0:06:18]} Be7 {[%emt 0:01:19]} 23. Nxc3 {[%emt 0:03:41]} dxc3 {[%emt 0:00:23]} 24. Be3 {[%emt 0:16:35]} Qd6 {[%emt 0:01:44]} 25. Rxg6 {[%emt 0:03:00]} O-O-O {[%emt 0:00:07]} 26. Rg7 {[%emt 0:04:42]} Qd1+ {[%emt 0:00:43]} 27. Rxd1 {[%emt 0:02:34]} Rxd1+ {[%emt 0:00:07]} 0-1

[Event "41st Nezhmetdinov Memorial 2019"]
[Site "Kazan"]
[Date "2019.06.01"]
[Round "2.8"]
[White "Frolyanov, Dmitry"]
[Black "Maletina, Tatiana"]
[Result "1-0"]
[WhiteElo "2538"]
[BlackElo "2273"]
[Annotator "ChessBase"]
[PlyCount "61"]
[EventDate "2019.05.31"]
[EventType "swiss"]
[EventCountry "RUS"]
[SourceTitle "playchess.com"]
[Source "ChessBase"]
[SourceQuality "1"]
[TimeControl "5400+30"]

1. Nf3 {[%emt 0:00:00]} d5 {[%emt 0:00:00]} 2. d4 {[%emt 0:00:00]} Nf6 {[%emt 0:00:00]} 3. c4 {[%emt 0:00:00]} c6 {[%emt 0:00:00]} 4. Nc3 {[%emt 0:00:02]} a6 {[%emt 0:00:14]} 5. Qc2 {[%emt 0:00:40]} g6 {[%emt 0:04:25]} 6. Bg5 {[%emt 0:01:02]} Bg7 {[%emt 0:01:55]} 7. Bxf6 {[%emt 0:01:14]} exf6 {[%emt 0:10:07]} 8. cxd5 {[%emt 0:00:13]} cxd5 {[%emt 0:00:14]} 9. Qb3 {[%emt 0:01:37]} Nc6 {[%emt 0:02:12]} 10. Qxd5 {[%emt 0:03:20]} Qb6 {[%emt 0:05:32]} 11. Qb3 {[%emt 0:03:26]} Nb4 {[%emt 0:00:06]} 12. e4 {[%emt 0:03:43]} O-O {[%emt 0:06:37]} 13. Bc4 {[%emt 0:03:22]} Bg4 {[%emt 0:12:09]} 14. O-O {[%emt 0:04:53]} Bxf3 {[%emt 0:00:39]} 15. gxf3 {[%emt 0:00:08]} Rac8 {[%emt 0:00:04]} 16. Rfd1 {[%emt 0:06:21]} Qd6 {[%emt 0:00:37]} 17. Bf1 {[%emt 0:09:59]} Nc6 {[%emt 0:11:55]} 18. Nd5 {[%emt 0:04:37]} f5 {[%emt 0:01:22]} 19. e5 {[%emt 0:01:50]} Qd8 {[%emt 0:00:03]} 20. f4 {[%emt 0:01:01]} g5 {[%emt 0:05:25]} 21. Bg2 {[%emt 0:02:32]} gxf4 {[%emt 0:02:39]} 22. Nxf4 {[%emt 0:05:44]} Nxd4 {[%emt 0:09:52]} 23. Qe3 {[%emt 0:00:31]} Rc4 {[%emt 0:00:10]} 24. b3 {[%emt 0:03:13]} Rb4 {[%emt 0:01:31]} 25. Nd5 {[%emt 0:08:47]} f4 {[%emt 0:00:10]} 26. Qh3 {[%emt 0:00:33]} f3 {[%emt 0:22:43]} 27. Nxb4 {[%emt 0:00:37]} fxg2 {[%emt 0:00:05]} 28. Qg4 {[%emt 0:00:51]} Qg5 {[%emt 0:01:38]} 29. Rxd4 {[%emt 0:00:37]} Qxe5 {[%emt 0:00:04]} 30. Rad1 {[%emt 0:00:49]} Re8 {[%emt 0:00:32]} 31. Rd8 {[%emt 0:01:07]} 1-0

[Event "41st Nezhmetdinov Memorial 2019"]
[Site "Kazan"]
[Date "2019.06.01"]
[Round "2.9"]
[White "Iljiushenok, Ilia"]
[Black "Stukan, Martin"]
[Result "1-0"]
[WhiteElo "2549"]
[BlackElo "2245"]
[Annotator "TA"]
[PlyCount "69"]
[EventDate "2019.05.31"]
[EventType "swiss"]
[EventCountry "RUS"]
[SourceTitle "playchess.com"]
[Source "ChessBase"]
[SourceQuality "1"]

{[%evp 14,69,5,4,1,3,13,7,0,0,18,17,21,27,25,27,36,23,27,34,23,27,31,24,24,28,160,145,158,133,136,132,186,183,271,141,179,128,132,114,135,136,145,135,141,137,152,125,181,171,183,169,193,164,454,458,647,629]} 1. c4 Nf6 2. Nc3 e5 3. g3 d5 4. cxd5 Nxd5 5. Bg2 Nb6 6. d3 Be7 7. Be3 O-O 8. Rc1 Re8 {A22: English Opening: 1...e5 2 Nc3 Nf6} 9. a3 Bf8 10. Qc2 h6 {The position is equal.} 11. Nf3 Nc6 12. Ne4 g6 $146 ({Predecessor:} 12... Be6 13. O-O a5 14. Nc5 Bxc5 15. Bxc5 a4 16. Bxb6 cxb6 {1-0 (51) Ivanchuk,V (2766)-Fressinet,L (2700) Beijing 2012}) 13. O-O Bg7 14. b4 Nd5 15. Rfe1 Nd4 16. Bxd4 exd4 17. Qc5 f5 18. Ned2 Nc3 19. e4 Kh7 (19... dxe3 $11 20. fxe3 Nd5) 20. e5 $16 c6 21. Nb3 ({Much less strong is} 21. Nxd4 $6 Na4 $16) 21... Nb5 {next ...Bf8 is good for Black.} 22. Nbxd4 Nxd4 (22... a6 $16) 23. Nxd4 $18 Qe7 (23... Bf8 {is a better defense.} 24. Qc4 Qc7 25. Nxc6 Be6) 24. Qc2 (24. b5 $18) 24... Qd8 25. Nf3 ({White should try} 25. Qc3 $18) 25... Be6 $16 26. Qc3 Qb6 27. d4 Rad8 28. Red1 Rd7 29. Rd2 Red8 30. Rcd1 Bd5 (30... Qb5 $16 {might work better.}) 31. Ne1 Be6 32. Nc2 h5 33. f4 g5 $2 {[#]} (33... Ra8 34. Bf1 a5) 34. fxg5 $18 Bxe5 (34... Bf7 $142 35. Qf3 Bg6) 35. Qe3 {[%mdl 64] Pin. Accuracy: White = 81%, Black = 28%.} 1-0

[Event "41st Nezhmetdinov Memorial 2019"]
[Site "Kazan"]
[Date "2019.06.01"]
[Round "2.10"]
[White "Kulikov, Almaz"]
[Black "Moiseenko, Vadim"]
[Result "1/2-1/2"]
[WhiteElo "2253"]
[BlackElo "2525"]
[Annotator "ChessBase"]
[PlyCount "97"]
[EventDate "2019.05.31"]
[EventType "swiss"]
[EventCountry "RUS"]
[SourceTitle "playchess.com"]
[Source "ChessBase"]
[SourceQuality "1"]
[TimeControl "5400+30"]

1. e4 {[%emt 0:00:00]} e5 {[%emt 0:01:36]} 2. Nf3 {[%emt 0:00:00]} Nc6 {[%emt 0:01:56]} 3. Bb5 {[%emt 0:00:00]} a6 {[%emt 0:02:21]} 4. Bxc6 {[%emt 0:00:10]} dxc6 {[%emt 0:00:05]} 5. O-O {[%emt 0:00:16]} Qf6 {[%emt 0:01:18]} 6. d4 {[%emt 0:03:49]} exd4 {[%emt 0:01:03]} 7. Qxd4 {[%emt 0:06:58]} Bg4 {[%emt 0:03:47]} 8. Nc3 {[%emt 0:01:25]} Rd8 {[%emt 0:07:16]} 9. Qxf6 {[%emt 0:02:30]} Nxf6 {[%emt 0:00:06]} 10. Bf4 {[%emt 0:01:17]} Bxf3 {[%emt 0:02:33]} 11. gxf3 {[%emt 0:00:19]} Rd7 {[%emt 0:03:19]} 12. Rad1 {[%emt 0:00:48]} Nh5 {[%emt 0:02:13]} 13. Rxd7 {[%emt 0:03:40]} Kxd7 {[%emt 0:00:46]} 14. Rd1+ {[%emt 0:00:13]} Bd6 {[%emt 0:00:55]} 15. Be3 {[%emt 0:02:11]} Re8 {[%emt 0:03:41]} 16. Ne2 {[%emt 0:04:47]} g6 {[%emt 0:02:05]} 17. Nf4 {[%emt 0:06:10]} Nxf4 {[%emt 0:02:10]} 18. Bxf4 {[%emt 0:00:11]} Ke6 {[%emt 0:00:04]} 19. Be3 {[%emt 0:06:40]} f5 {[%emt 0:04:37]} 20. Kg2 {[%emt 0:02:22]} Kf7 {[%emt 0:06:49]} 21. exf5 {[%emt 0:15:31]} gxf5 {[%emt 0:00:14]} 22. f4 {[%emt 0:03:26]} b5 {[%emt 0:02:16]} 23. Kf3 {[%emt 0:00:53]} c5 {[%emt 0:01:53]} 24. Rg1 {[%emt 0:03:06]} Be7 {[%emt 0:13:47]} 25. Rd1 {[%emt 0:04:35]} Bd6 {[%emt 0:00:46]} 26. Rg1 {[%emt 0:00:28]} h6 {[%emt 0:00:09]} 27. b3 {[%emt 0:08:23]} Re4 {[%emt 0:01:11]} 28. h4 {[%emt 0:01:16]} c4 {[%emt 0:01:29]} 29. h5 {[%emt 0:00:29]} cxb3 {[%emt 0:00:33]} 30. cxb3 {[%emt 0:00:43]} c5 {[%emt 0:04:09]} 31. Rd1 {[%emt 0:01:00]} Ke6 {[%emt 0:00:13]} 32. Rg1 {[%emt 0:00:54]} Kd5 {[%emt 0:01:40]} 33. Rg6 {[%emt 0:05:09]} Re6 {[%emt 0:00:48]} 34. Rg7 {[%emt 0:00:59]} Re7 {[%emt 0:03:56]} 35. Rg6 {[%emt 0:00:28]} c4 {[%emt 0:03:19]} 36. Rxh6 {[%emt 0:06:07]} c3 {[%emt 0:00:12]} 37. Rh8 {[%emt 0:00:59]} c2 {[%emt 0:06:23]} 38. Rc8 {[%emt 0:00:30]} Bc7 {[%emt 0:00:06]} 39. Bc1 {[%emt 0:01:42]} Kc6 {[%emt 0:00:11]} 40. h6 {[%emt 0:02:11]} Rh7 {[%emt 0:00:07]} 41. Ke2 {[%emt 0:01:31]} Rxh6 {[%emt 0:00:36]} 42. Kd3 {[%emt 0:00:32]} Rh2 {[%emt 0:00:34]} 43. Rf8 {[%emt 0:02:05]} Rxf2 {[%emt 0:01:22]} 44. Rxf5 {[%emt 0:00:10]} Bd6 {[%emt 0:00:18]} 45. Rh5 {[%emt 0:01:03]} a5 {[%emt 0:00:52]} 46. a4 {[%emt 0:01:30]} bxa4 {[%emt 0:02:37]} 47. bxa4 {[%emt 0:00:07]} Bxf4 {[%emt 0:00:05]} 48. Bxf4 {[%emt 0:00:14]} Rxf4 {[%emt 0:00:04]} 49. Kxc2 {[%emt 0:00:06]} 1/2-1/2

[Event "41st Nezhmetdinov Memorial 2019"]
[Site "Kazan"]
[Date "2019.06.02"]
[Round "3.1"]
[White "Pershin, Denis"]
[Black "Kokarev, Dmitry"]
[Result "1/2-1/2"]
[WhiteElo "2407"]
[BlackElo "2605"]
[Annotator "TA"]
[PlyCount "87"]
[EventDate "2019.05.31"]
[EventType "swiss"]
[EventCountry "RUS"]
[SourceTitle "playchess.com"]
[Source "ChessBase"]
[SourceQuality "1"]

{[%evp 13,87,-9,22,10,0,2,12,0,-9,0,9,0,0,0,0,0,0,0,0,0,314,339,604,609,616,590,1419,100,106,-8,-27,-21,-33,-20,-12,-18,-18,-25,-19,-17,-15,-12,-17,-112,-102,-108,-96,-108,-108,-108,-106,-115,-112,-118,-59,-59,-59,-57,0,-83,-31,-64,-12,-27,-41,-49,0,0,0,0,0,0,0,0,0,0]} 1. e4 c5 2. Nf3 d6 3. d4 cxd4 4. Nxd4 Nf6 5. Nc3 a6 6. Bg5 Nbd7 {[%cal Bb8d7,Bd7b6,Bb6c4][%mdl 32]} 7. f4 Qc7 8. Qf3 {B94: Sicilian Najdorf: 6 Bg5 Nbd7} b5 (8... g6 9. O-O-O Bg7 10. Be2 h6 11. Bh4 Nb6 12. h3 Bd7 13. Rhe1 Bc6 14. Nxc6 bxc6 15. Bxf6 exf6 {½-½ (69) Sjugirov,S (2661)-Artemiev,V (2754) Sochi 2019}) 9. O-O-O Bb7 10. Nd5 Nxd5 11. exd5 Nb6 12. Bd3 Bxd5 13. Be4 Bxe4 14. Qxe4 d5 (14... h6 $5 15. Bh4 $8 d5 $11) 15. Qe3 $146 ({Predecessor:} 15. Qf3 O-O-O {½-½ (60) Duran,R (2126)-Yu,J (2209) Philadelphia 2017}) 15... Nc4 16. Qf3 $1 e6 $2 {[%mdl 8192]} (16... h6 $1 $11 {and Black stays safe.} 17. Bh4 (17. Qxd5 Rc8 $17) 17... e6) 17. Rhe1 $18 Bd6 $2 {[#]} (17... Nb6 18. Nxe6 fxe6) 18. Nxe6 $1 {[%mdl 512]} fxe6 19. Rxe6+ Kf8 20. Qxd5 $2 (20. Rxd5 $18 {Intending Rf5+ and mate.} Kg8 21. Rdxd6) 20... Rc8 $16 21. Rxd6 (21. Rde1 $1 $16 Bxf4+ 22. Bxf4 Qxf4+ {[%mdl 64] Double Attack} 23. Kb1) 21... Nxd6 $40 {[%mdl 128] Black is up to no good.} 22. Qxd6+ Qxd6 23. Rxd6 $16 {[%mdl 4096] Endgame KRR-KRB} Kf7 24. Rxa6 Rhe8 {Hoping for ...Re2.} 25. Ra7+ Kf8 {Threatening ...h6.} 26. Kd2 h6 27. Bh4 Rc4 28. g3 (28. Bg3 $11 {remains equal.}) 28... Rd4+ $1 $17 {[%mdl 1024] Black has strong compensation.} 29. Kc3 {[#]} Rd5 $1 30. g4 Re3+ 31. Kb4 Re4+ 32. Kb3 Rxf4 33. Be7+ Kg8 (33... Ke8 $17 {...Rf7 is the strong threat.} 34. Bb4 Rxg4 35. Re7+ Kd8) 34. h3 $15 Rf3+ 35. Kb4 Rf4+ 36. Kb3 $1 {[#]} g5 (36... Re4 $1 $17) 37. c3 Rf2 ({Black should play} 37... Rd3 $15) 38. a4 bxa4+ 39. Rxa4 Kf7 (39... Rdd2 $5 {[%cal Rd2b2]} 40. Ba3 Kg7 $15) 40. Ra7 {Black must now prevent Bc5+.The position is equal.} Ke8 {Threatens to win with ...Rf7.} 41. Ba3 Rd3 42. Re7+ Kd8 43. Rh7 Rxh3 44. Be7+ {Accuracy: White = 45%, Black = 47%.} 1/2-1/2

[Event "41st Nezhmetdinov Memorial 2019"]
[Site "Kazan"]
[Date "2019.06.02"]
[Round "3.2"]
[White "Timofeev, Artyom"]
[Black "Kanter, Eduard"]
[Result "1-0"]
[WhiteElo "2602"]
[BlackElo "2392"]
[Annotator "TA"]
[PlyCount "99"]
[EventDate "2019.05.31"]
[EventType "swiss"]
[EventCountry "RUS"]
[SourceTitle "playchess.com"]
[Source "ChessBase"]
[SourceQuality "1"]

{[%evp 9,99,-39,-36,-42,-4,-33,-20,-27,3,-54,-32,-42,-38,-25,-29,-70,-75,-76,-56,-64,-53,-58,-50,-62,-18,-12,44,33,32,38,52,49,54,64,59,60,112,93,76,30,45,43,56,20,31,25,10,9,13,0,0,11,15,0,0,0,0,-15,0,0,52,10,183,185,187,187,200,185,263,201,1042,1050,1042,1042,1025,1025,1023,952,906,860,784,0,245,243,906,870,29992,29991,29993,29994,29995,1035]} 1. e4 c5 2. Nc3 d6 3. g4 (3. d4 cxd4 4. Qxd4 Nc6 5. Qd2 Nf6 6. b3 e6 7. Bb2 d5 8. exd5 exd5 9. O-O-O Be6 10. a3 Bc5 11. Nf3 {½-½ (49) Caruana,F (2819)-Vachier Lagrave,M (2773) Karlsruhe/Baden Baden 2019}) 3... Nc6 4. h4 e5 5. Bc4 Be7 $146 (5... h6 {is more complex.} 6. Nd5 Be7 7. d3 Nf6 8. Nxe7 Qxe7 9. g5 hxg5 10. Bxg5 Be6) ({Predecessor:} 5... Be6 6. Nd5 Be7 7. d3 Qd7 8. f3 Nf6 9. Ne2 Bxd5 10. exd5 Nd4 11. Nxd4 cxd4 {0-1 (36) Grimberg,B (2261)-Hirneise,J (2173) Schwaebisch Gmuend 2008}) 6. d3 {B23: Closed Sicilian: Lines without g3} Be6 7. Be3 Qd7 (7... Bxh4 8. Bxe6 fxe6 9. g5 $1 $16 {[%mdl 512]}) 8. g5 {The position is equal.} h6 9. Qd2 (9. Bxe6 $11 Qxe6 10. Nd5) 9... hxg5 10. Bxg5 f6 {...Bxc4 is the strong threat.} 11. Be3 f5 {aiming for ...Bxc4.} 12. exf5 Bxf5 13. O-O-O O-O-O 14. Nd5 Nf6 (14... Rxh4 15. Nxe7+ Qxe7 16. Rxh4 $16) 15. Nxe7+ Qxe7 16. Ne2 d5 17. Bb5 Nd4 (17... Nb8 $11 18. Ba4 a6) 18. Nxd4 $14 cxd4 19. Bg5 Qc5 20. Ba4 $1 Rd6 21. Kb1 Re6 22. Rhe1 Ng4 (22... a5 $14) 23. Rc1 Qd6 24. Bb3 Kb8 $1 25. Qa5 Nf6 26. f3 b6 27. Qd2 Nh7 28. Rg1 (28. h5 {with more complications.} Nf8 29. Qh2 Nd7 30. Bd2 Nc5 31. Bb4) 28... Nxg5 29. Rxg5 g6 $1 30. Qf2 Re7 31. Re1 Reh7 32. Rh1 Rh5 33. f4 Rxg5 34. fxg5 Re8 ({Black should play} 34... Rf8 $11 35. Rf1 Rh8) 35. a3 Bc8 $2 {[#]} (35... Rf8 $1 $11) 36. Qf7 $1 $18 {[%cal Rf7e8]} Rd8 37. h5 gxh5 38. Rxh5 e4 (38... Rd7 {was worth a try.} 39. Qf3 Qg6) 39. g6 {[%cal Rh5d5]} e3 $2 (39... Be6 40. Qf6 Bg8 41. Qxd4 Qxg6 42. Qe5+ Qd6) 40. Rxd5 e2 41. Rxd6 e1=Q+ 42. Ka2 Rxd6 43. g7 Rd8 44. Qf4+ Kb7 45. Qf7+ $2 (45. g8=Q {Qg2+ would kill now.} Rxg8 46. Bd5+ (46. Bxg8 Be6+ 47. Bxe6 Qxe6+ 48. b3 Qd7 $16) 46... Ka6 47. Qc7 (47. Bxg8 Be6+ 48. Bxe6 Qxe6+ 49. b3 Qc6 $16)) 45... Kb8 46. Qf6 {[%mdl 1024] White has strong compensation.} Re8 $2 (46... Kc7 47. Qxd8+ {[%mdl 64] Remove Defender, Promotion} Kxd8 48. g8=Q+ Qe8 49. Qd5+ Kc7 50. Qxd4 Qc6 51. Qf4+ Qd6 52. Qc4+ Kb8) 47. Qd6+ Kb7 48. Bd5+ {White mates.} Ka6 {[#]} 49. Qc6 $1 {[%mdl 512]} Be6 50. Bxe6 {Accuracy: White = 66%, Black = 36%.} (50. Qc4+ $142 b5 51. Qc6+ {[%mdl 64] Double Attack} Ka5 52. Qc7+ {[%mdl 64] Double Attack} Ka6 53. Qb7+ Ka5 54. Qxa7#) 1-0

[Event "41st Nezhmetdinov Memorial 2019"]
[Site "Kazan"]
[Date "2019.06.02"]
[Round "3.3"]
[White "Rozum, Ivan"]
[Black "Chekletsov, Egor"]
[Result "1-0"]
[WhiteElo "2568"]
[BlackElo "2035"]
[Annotator "TA"]
[PlyCount "43"]
[EventDate "2019.05.31"]
[EventType "swiss"]
[EventCountry "RUS"]
[SourceTitle "playchess.com"]
[Source "ChessBase"]
[SourceQuality "1"]

{[%evp 9,43,-8,0,-6,25,18,20,26,29,29,50,17,92,20,36,31,114,106,141,106,111,108,179,176,183,164,212,239,234,239,227,179,231,171,645,637]} 1. c4 e6 2. Nc3 Bb4 3. e4 Ne7 4. d4 d5 5. exd5 exd5 6. Bd3 {C01: French: Exchange Variation} Bf5 (6... O-O 7. Nge2 dxc4 8. Bxc4 Nbc6 9. O-O Bf5 10. Be3 a6 11. a3 Bd6 12. Ng3 Bg6 13. Re1 Qd7 {½-½ (46) Safarli,E (2641)-Pourramezanali,A (2505) Bandar e Anzali 2017}) 7. Nf3 O-O 8. O-O {The position is equal.} dxc4 9. Bxc4 Nd7 10. Qb3 Nc6 $146 {[#]} (10... a5 $11) ({Predecessor:} 10... Bxc3 11. bxc3 Nb6 12. Be2 c6 13. Re1 Qc7 14. c4 {½-½ (41) Staniforth,M (1972)-Hilton,T (1726) England 2012}) 11. Bd5 (11. Bg5 $1 $16 {[%cal Rg5d8]} Qc8 12. Bd5) 11... Bxc3 12. Qxb7 Rb8 ({Black should play} 12... Nb6 $14 13. Qxc6 (13. Bxc6 Bc8 $11) 13... Qxd5 14. Qxc3 Be4) 13. Qxc6 $16 Bxb2 14. Bxb2 Rxb2 15. Bb3 Nf6 (15... Qf6 $16 16. Qc3 (16. Qxc7 Bg4 $16) 16... Re2) 16. Rfe1 $18 Re8 17. Qc4 Rxe1+ 18. Rxe1 Rb1 19. Rxb1 Bxb1 20. Qxf7+ Kh8 21. Ng5 {Hoping for Ne6!} Bg6 $2 {[#]} (21... Qe8 22. Qxe8+ Nxe8 23. Nf7+ Kg8 24. Ne5+ Kf8) 22. Qxg6 $1 {[%mdl 512] Accuracy: White = 74%, Black = 31%.} 1-0

[Event "41st Nezhmetdinov Memorial 2019"]
[Site "Kazan"]
[Date "2019.06.02"]
[Round "3.4"]
[White "Tsydypov, Zhamsaran"]
[Black "Tunik, Gennady"]
[Result "1/2-1/2"]
[WhiteElo "2546"]
[BlackElo "2373"]
[Annotator "ChessBase"]
[PlyCount "80"]
[EventDate "2019.05.31"]
[EventType "swiss"]
[EventCountry "RUS"]
[SourceTitle "playchess.com"]
[Source "ChessBase"]
[SourceQuality "1"]
[TimeControl "5400+30"]

1. e4 {[%emt 0:00:00]} c5 {[%emt 0:00:00]} 2. Nf3 {[%emt 0:00:02]} e6 {[%emt 0:00:00]} 3. d4 {[%emt 0:00:11]} cxd4 {[%emt 0:00:08]} 4. Nxd4 {[%emt 0:00:03]} Nc6 {[%emt 0:00:19]} 5. Nc3 {[%emt 0:00:16]} a6 {[%emt 0:00:17]} 6. Bf4 {[%emt 0:00:20]} d6 {[%emt 0:01:58]} 7. Nxc6 {[%emt 0:02:18]} bxc6 {[%emt 0:00:07]} 8. Qd3 {[%emt 0:00:19]} e5 {[%emt 0:01:47]} 9. Bg3 {[%emt 0:00:24]} Qc7 {[%emt 0:01:41]} 10. f4 {[%emt 0:02:09]} Nf6 {[%emt 0:02:40]} 11. O-O-O {[%emt 0:00:32]} Be7 {[%emt 0:00:22]} 12. Be2 {[%emt 0:01:38]} O-O {[%emt 0:03:03]} 13. Qc4 {[%emt 0:03:12]} Qa5 {[%emt 0:04:31]} 14. f5 {[%emt 0:06:18]} Rb8 {[%emt 0:05:57]} 15. Bf2 {[%emt 0:02:17]} Bd7 {[%emt 0:13:52]} 16. Be1 {[%emt 0:09:48]} Qb6 {[%emt 0:03:02]} 17. b3 {[%emt 0:00:18]} d5 {[%emt 0:08:02]} 18. exd5 {[%emt 0:02:31]} cxd5 {[%emt 0:00:11]} 19. Nxd5 {[%emt 0:00:44]} Nxd5 {[%emt 0:00:11]} 20. Qxd5 {[%emt 0:00:41]} Bxf5 {[%emt 0:04:38]} 21. Qxe5 {[%emt 0:07:35]} Bg6 {[%emt 0:06:32]} 22. Qxe7 {[%emt 0:03:58]} Rfe8 {[%emt 0:00:43]} 23. Qd6 {[%emt 0:00:05]} Rxe2 {[%emt 0:00:23]} 24. Qxb6 {[%emt 0:00:53]} Rxc2+ {[%emt 0:00:06]} 25. Kb1 {[%emt 0:00:03]} Rc6+ {[%emt 0:00:19]} 26. Kb2 {[%emt 0:00:08]} Rcxb6 {[%emt 0:00:04]} 27. Bc3 {[%emt 0:01:10]} Be4 {[%emt 0:01:31]} 28. Rd2 {[%emt 0:00:50]} h5 {[%emt 0:00:34]} 29. Re1 {[%emt 0:00:20]} Re6 {[%emt 0:00:18]} 30. Re3 {[%emt 0:01:53]} Rbe8 {[%emt 0:02:17]} 31. Rde2 {[%emt 0:02:58]} g5 {[%emt 0:01:19]} 32. Rg3 {[%emt 0:02:56]} g4 {[%emt 0:00:12]} 33. Rge3 {[%emt 0:01:10]} f5 {[%emt 0:00:17]} 34. g3 {[%emt 0:00:23]} Kf7 {[%emt 0:00:10]} 35. Bd2 {[%emt 0:01:18]} Bf3 {[%emt 0:00:26]} 36. Rxe6 {[%emt 0:00:38]} Rxe6 {[%emt 0:00:05]} 37. Rxe6 {[%emt 0:00:04]} Kxe6 {[%emt 0:00:04]} 38. Kc3 {[%emt 0:00:25]} Kd5 {[%emt 0:00:14]} 39. Kd3 {[%emt 0:00:08]} Be4+ {[%emt 0:00:16]} 40. Ke3 {[%emt 0:00:06]} Bb1 {[%emt 0:00:06]} 1/2-1/2

[Event "41st Nezhmetdinov Memorial 2019"]
[Site "Kazan"]
[Date "2019.06.02"]
[Round "3.5"]
[White "Anikonov, Dmitry"]
[Black "Frolyanov, Dmitry"]
[Result "1/2-1/2"]
[WhiteElo "2372"]
[BlackElo "2538"]
[Annotator "ChessBase"]
[PlyCount "60"]
[EventDate "2019.05.31"]
[EventType "swiss"]
[EventCountry "RUS"]
[SourceTitle "playchess.com"]
[Source "ChessBase"]
[SourceQuality "1"]
[TimeControl "5400+30"]

1. d4 {[%emt 0:00:00]} Nf6 {[%emt 0:00:00]} 2. c4 {[%emt 0:00:00]} e6 {[%emt 0:00:00]} 3. g3 {[%emt 0:00:00]} d5 {[%emt 0:00:00]} 4. Nf3 {[%emt 0:00:03]} dxc4 {[%emt 0:00:07]} 5. Bg2 {[%emt 0:00:12]} a6 {[%emt 0:00:12]} 6. O-O {[%emt 0:01:21]} Nc6 {[%emt 0:00:23]} 7. e3 {[%emt 0:00:50]} Bd7 {[%emt 0:00:56]} 8. Qe2 {[%emt 0:01:08]} b5 {[%emt 0:00:25]} 9. b3 {[%emt 0:00:12]} cxb3 {[%emt 0:00:44]} 10. axb3 {[%emt 0:00:08]} Be7 {[%emt 0:00:31]} 11. Bb2 {[%emt 0:02:15]} O-O {[%emt 0:02:48]} 12. Nc3 {[%emt 0:00:45]} Nb4 {[%emt 0:04:39]} 13. Ne5 {[%emt 0:03:17]} Rc8 {[%emt 0:06:32]} 14. Rfd1 {[%emt 0:13:58]} Be8 {[%emt 0:08:04]} 15. Ba3 {[%emt 0:20:12]} Bd6 {[%emt 0:02:26]} 16. Bxb4 {[%emt 0:03:53]} Bxb4 {[%emt 0:00:12]} 17. Na2 {[%emt 0:00:03]} Be7 {[%emt 0:05:23]} 18. b4 {[%emt 0:00:14]} Nd5 {[%emt 0:03:33]} 19. Qb2 {[%emt 0:00:55]} c6 {[%emt 0:04:02]} 20. Rdc1 {[%emt 0:12:32]} a5 {[%emt 0:03:31]} 21. bxa5 {[%emt 0:00:46]} Qxa5 {[%emt 0:00:20]} 22. Nc3 {[%emt 0:00:17]} Qd8 {[%emt 0:01:13]} 23. Ne4 {[%emt 0:00:26]} Nb6 {[%emt 0:05:13]} 24. Qb3 {[%emt 0:06:16]} Kh8 {[%emt 0:07:03]} 25. Ra7 {[%emt 0:03:34]} Na4 {[%emt 0:04:58]} 26. Nd3 {[%emt 0:05:10]} Ra8 {[%emt 0:00:52]} 27. Rb7 {[%emt 0:06:07]} Rb8 {[%emt 0:05:54]} 28. Ra7 {[%emt 0:00:13]} Ra8 {[%emt 0:03:40]} 29. Rb7 {[%emt 0:00:53]} Rb8 {[%emt 0:08:07]} 30. Ra7 {[%emt 0:00:14]} Ra8 {[%emt 0:01:22]} 1/2-1/2